[Event "CZE-chT2F 1314"]
[Site "Czech Republic"]
[Date "2013.12.15"]
[Round "4.64"]
[White "Weissmann, Lukas"]
[Black "Sieber, Martin"]
[Result "0-1"]
[WhiteElo "2134"]
[BlackElo "2025"]
[PlyCount "66"]
[EventDate "2013.11.03"]
[EventType "team-tourn"]
[EventRounds "11"]
[EventCountry "CZE"]
[SourceTitle "EXT 2016"]
[Source "ChessBase"]
[SourceDate "2015.10.08"]
[SourceVersion "1"]
[SourceVersionDate "2015.10.08"]
[SourceQuality "1"]
[WhiteTeam "Dobra"]
[BlackTeam "Orlova Slavia II"]
[WhiteTeamCountry "CZE"]
[BlackTeamCountry "CZE"]

1. Nf3 Nf6 2. c4 e6 3. Nc3 d5 4. d4 c5 5. e3 Nc6 6. a3 cxd4 7. exd4 Be7 8. Bg5 0-0 9. Bd3 h6 10. Bh4 dxc4 11. Bxc4 a6 12. 0-0 Nd5 13. Bxe7 Ncxe7 14. Re1 b5 15. Nxd5 Nxd5 16. Bxd5 Qxd5 17. Re5 Qd6 18. d5 f6 19. Re3 Rd8 20. a4 Qxd5 21. Qc2 Bb7 22. axb5 axb5 23. Rae1 e5 24. Rc3 Rac8 25. Rxc8 Rxc8 26. Qf5 b4 27. h4 Rc4 28. Re3 Rf4 29. Qg6 Qd1+ 30. Kh2 Bxf3 31. Rd3 Rxh4+ 32. Kg3 Rg4+ 33. Qxg4 Bxg4 0-1